=LDR 00000nam 2200000 4500 =001 INLIS000000000024262 =005 20130612122848 =008 ***********************************Ind** =035 ##$$0010-061300000024262 =041 ##$$a Ind =082 ##$$a 028.5 =090 ##$$a 028.5, War a =100 ##$$a Wardhana, Eka =245 ##$$a Aku suka olahraga, Eka Wardhana =260 ##$$a 2002 $b Bandung =300 ##$$a 23 hlm, ilus, 18 cm =650 ##$$a Bacaan kanak-kanak =850 ##$$a NBPNMAT